01414nam a2200169Ia 4500020001800000082002300018245005100041260003700092300001500129504002600144520093800170650002401108650002601132650002301158650004601181700001701227 a9788131609088 a355.33041019bMIL- 0aMilitary psychology and leadership development aJaipurbRawat Publicationsc2017 axxii, 329p aincludes contributors aThis book offers a good understanding of various concepts in the field of military psychology and leadership development, be it in the context of hardiness as a construct in the human resource cycle, the use of coping resources, and the development and management of extreme forms of unwanted stress. Other interesting themes included here cover concepts of altruism, emotional intelligence, disaster management, leadership development and motivation, human factor engineering in operations, the psychology of warfare, and diplomatic psychology. A very interesting, yet overlooked topic, is the role of military families in the Armed Forces, which brings to light the contribution and sacrifices being made by this neglected population-the military spouse. The book is designed, not only for psychology students and practitioners but also for leaders seeking knowledge in the field of military psychology and leadership development.  aMilitary Psychology aDiplomatic Psychology aLeadershipvEthics aDisaster managementvPsychological Stress aRawat, Samir